| 000 | 00646nam a2200205 a 4500 | ||
|---|---|---|---|
| 005 | 20140310183533.0 | ||
| 008 | 111027s19uu xx 00 eng d | ||
| 020 | _a9780821377277 | ||
| 050 |
_aHF 5626 _b.G836 2009 |
||
| 100 | _aGreuning, Hennie van | ||
| 245 |
_aInternational financial reporting standards. / : _ba practical guide / _cHennie van Greuning. |
||
| 250 | _a5th ed. | ||
| 260 |
_aWashington DC : _bThe World Bank, _c2009. |
||
| 300 |
_a334 p. : _c27 cm. |
||
| 521 | _aBSA | ||
| 650 |
_aAccounting _xStandards _xPeriodicals |
||
| 650 |
_aFinancial statements _xStandards _xPeriodicals |
||
| 942 |
_cBK _2lcc _kFOR |
||
| 999 |
_c24671 _d24671 |
||